Les plus gros transferts (arrivées) de LaLiga (2023/2024) - Statistiques

Statistiques générales
  • Ce quiz a été pris 78 fois
  • Le résultat moyen est 10 sur 30
Statistiques - réponses
Club précédent Club Nationalité Montant NOM % Correct
Borussia Dortmund Real Madrid Angleterre 103 M Jude Bellingham
97%
Fenerbahce SK Real Madrid Turquie 20 M Arda Guler
84%
FC Barcelone Atletico Madrid France 20 M Antoine Griezmann
83%
Manchester City FC Barcelone Allemagne Tr. Libre Ilkay Gundogan
54%
Manchester CIty FC Barcelone Portugal Prêt Joao Cancelo
51%
Atletico Madrid FC Barcelone Portugal Prêt Joao Felix
49%
RB Leipzig Villarreal CF Norvège 10 M Alexander Sorloth
39%
Chelsea Real Madrid Espagne Prêt Kepa
38%
Arsenal Real Sociedad Ecosse Prêt Kieran Tierney
38%
Stade Rennais FC Sevilla France 12 M Loïc Badé
36%
Rayo Vallecano Real Madrid Espagne 5 M Fran Garcia
35%
Athletic Bilbao FC Barcelone Espagne Tr. Libre Inigo Martinez
32%
Leicester City Atletico Madrid Turquie Tr. Libre Caglar Soyuncu
30%
Eintracht Frankfurt FC Sevilla Suisse 10 M Djibril Sow
30%
FC Barcelone Girona FC Espagne Prêt Eric Garcia
30%
Stade Rennais Real Sociedad Mali Tr. Libre Hamari Traoré
30%
LOSC Lille Celta Vigo France Tr. Libre Jonathan Bamba
30%
Herta BSC FC Sevilla Belgique 10 M Dodi Lukebakio
28%
FC Barcelone Real Betis Maroc 7.5 M Ez Abde
26%
RB Leipzig Real Sociedad Portugal Prêt André Silva
22%
Leicester City FC Sevilla France Prêt Boubakary Soumaré
19%
SK Dnipro Girona FC Ukraine 7.75 M Artem Dovbyk
17%
Blackburn Rovers Villarreal CF Chili Tr. Libre Ben Brereton
16%
Celta Vigo Atletico Madrid Espagne 5 M Javi Galan
14%
Leeds Real Betis Espagne Prêt Marc Roca
12%
FC Utrecht Celta Vigo Grèce 12 M Anastasios Douvikas
9%
Espanyol Barcelone RCD Mallorca Espagne 8 M Sergi Darder
9%
Dinamo Moscou Real Sociedad Russie 13 M Arsen Zakharyan
6%
Espanyol Barcelone UD Almeria Mexique 14 M Cesar Montes
3%
Atletico Madrid Rayo Vallecano Espagne 5 M Sergio Camello
3%
Aucun quiz correspondant
Distribution des résultats
% des personnes avec chaque résultat
Percentile par nombre de réponses
Votre historique - résultats
Vous n’avez pas pris ce quiz